| 000 | 01032naa a22002897a 4500 | ||
|---|---|---|---|
| 001 | BR6600253 | ||
| 003 | BR-BrBNA | ||
| 005 | 20250709164608.0 | ||
| 007 | ta | ||
| 008 | 250630b bl.|||m| |||| 00| 0 por d | ||
| 040 |
_aBR-BrBNA _bpor _cBiblioteca Nacional de Agricultura |
||
| 041 | _a(Pt) | ||
| 072 |
_aF27 _b0230 _b1440 _bG514 |
||
| 090 | _aF27 BR6600253 | ||
| 100 | 1 | _aKrutman, S. | |
| 111 | 1 |
_a3. Reuniao da Comissao Brasileira de Feijao _cRio de Janeiro, GB (Brazil) _d25 Jul 1966 |
|
| 245 | 1 |
_aCultura consorciada cana feijoeiro [Saccharum officinarum, Vigna sinensis, Pernambuco, Brasil] _bPrimeiros resultados |
|
| 500 | _aRelatorio anual 1966 Rio de Janeiro, GB (Brasil): 1966. p. 46-54 [6 tables; Summary (Pt)] (BR6600253-AMS) | ||
| 650 | _aFEIJAO DE CORDA | ||
| 650 | _aCANA DE ACUCAR | ||
| 650 | _aCONSORCIACAO DE CULTURA | ||
| 650 | _aRENDIMENTO | ||
| 650 | _aPERNAMBUCO | ||
| 490 | _aRelatorio - Comissao Brasileira do Feijao (Brazil) | ||
| 942 |
_cAMS _2AGRIS |
||
| 909 |
_a202506 _bLúcia _c55 _dLúcia Elande |
||
| 999 |
_c332591 _d332591 |
||